000 00559nam a2200193Ia 4500
003 OSt
005 20250204095305.0
008 210210b1967 xxu||||| |||| 00| 0 eng d
040 _cAL
041 _aKannada
082 _aK894.3 ANAM
100 _aKRASHNARAYA (Aa Na)
_dಕೃಷ್ಣರಾಯ (ಅ ನ ಕೃ).
_9195226
245 _aManeyalli Mahayuddha
_bಮನೆಯಲ್ಲಿ ಮಹಾಯುದ್ಧ
260 _aBengaluru
_bDarshana Prakashana
_c1967
300 _a199
690 _aKannada Fiction
_9195229
906 _a028035
942 _2ddc
_cBK
999 _c79298
_d79298